LEADER 00825nam0-2200289---450- 001 990009195590403321 005 20100608121322.0 010 $a0896401359 035 $a000919559 035 $aFED01000919559 035 $a(Aleph)000919559FED01 035 $a000919559 100 $a20100608d1988----km-y0itay50------ba 101 0 $aeng 105 $aa-------001yy 200 1 $aColor atlas and textbook of diagnostic parassitology$fTsieh Sun 210 $aNew York ; Tokyo$cIgaku-Shoin$d1988 215 $a317 p.$cill.$d28, 5 cm 610 0 $aParassitologia 700 1$aSun,$bTsieh$0508115 801 0$aIT$bUNINA$gRICA$2UNIMARC 901 $aBK 912 $a990009195590403321 952 $aIG 17 D 26$fDMIGI 959 $aDMIGI 996 $aColor atlas and textbook of diagnostic parassitology$9775364 997 $aUNINA LEADER 03074nam1 22004813i 450 001 CFI0192397 005 20251003044132.0 010 $a8834802268 100 $a20131120d1989 ||||0itac50 ba 101 | $aita 102 $ait 181 1$6z01$ai $bxxxe 182 1$6z01$an 200 1 $aDall'assolutismo alla democrazia$esaggi$fFrancesco M. De Sanctis 210 $aTorino$cG. Giappichelli$d[1989] 215 $a206 p.$d23 cm. 464 1$1001LO11660622$12001 $aDall'assolutismo alla democrazia$enote in tema di sovranità e principi$f[Francesco M. De Sanctis]$1700 1$aDe Sanctis$b, Francesco M.$f <1944- >$3CFIV013401$4070 464 1$1001LO11660623$12001 $aIndividuo e società$edall'assolutismo alla democrazia$f[Francesco M. De Sanctis]$1700 1$aDe Sanctis$b, Francesco M.$f <1944- >$3CFIV013401$4070 464 1$1001LO11660624$12001 $aLavoro, proprietà, industria$eil capitolo 5. del secondo trattato di Locke$f[Francesco M. De Sanctis]$1700 1$aDe Sanctis$b, Francesco M.$f <1944- >$3CFIV013401$4070 464 1$1001LO11660626$12001 $aˆIl ‰potere e la complessità$ela coppia «disciplina-disciplinamento»$f[Francesco M. De Sanctis]$1700 1$aDe Sanctis$b, Francesco M.$f <1944- >$3CFIV013401$4070 464 1$1001LO11660628$12001 $aSul diritto di resistenza$f[Francesco M. De Sanctis]$1700 1$aDe Sanctis$b, Francesco M.$f <1944- >$3CFIV013401$4070 464 1$1001LO11660629$12001 $aConsenso-dissenso$f[Francesco M. De Sanctis]$1700 1$aDe Sanctis$b, Francesco M.$f <1944- >$3CFIV013401$4070 464 1$1001LO11660630$12001 $aLorenz von Stein e il giovane Spaventa$f[Francesco M. De Sanctis]$1700 1$aDe Sanctis$b, Francesco M.$f <1944- >$3CFIV013401$4070 464 1$1001LO11660633$12001 $aSchmitt e Tocqueville$f[Francesco M. De Sanctis]$1700 1$aDe Sanctis$b, Francesco M.$f <1944- >$3CFIV013401$4070 464 1$1001LO11660635$12001 $aTocqueville e noi$f[Francesco M. De Sanctis]$1700 1$aDe Sanctis$b, Francesco M.$f <1944- >$3CFIV013401$4070 606 $aFilosofia politica$xStudi$2FIR$3CFIC045800$9I 606 $aSTATO$xCONCETTO$xSEC. 18.-19.$xSAGGI$2FIR$3MILC037289$9I 676 $a320.01$9SCIENZA POLITICA. FILOSOFIA E TEORIA$v21 676 $a321$9$v21 676 $a321$9FORME DI GOVERNO E DI STATO$v23 700 1$aDe Sanctis$b, Francesco M.$f <1944- >$3CFIV013401$4070$0437365 790 1$aDe Sanctis$b, Francesco$f <1944- >$3BVEV015174$zDe Sanctis, Francesco M. <1944- > 801 3$aIT$bIT-000000$c20131120 850 $aIT-BN0095 $aIT-NA0070 $aIT-NA0120 901 $bNAP 01$cD $n$ 901 $bNAP BU$c2 B $nPropedeutica. Formato cm. 20,1-28. 901 $bNAP CR$cSASSO $n$ 912 $aCFI0192397 950 1$aBiblioteca Centralizzata di Ateneo$d 01D (AR) 5 359$e 01AR 0070053595 VMA A4 1 v.$fY $h20230511$i20230511$lFondo Chiomenti$mEx Libris 967 $n9 977 $a 01$a BU$a CR 996 $aDall'assolutismo alla democrazia$9895594 997 $aUNISANNIO